Country report, gender equality How are EU rules transposed into national law?: Lithuania 2020 /

Detalles Bibliográficos
Autor principal: Davulis, Tomas
Formato: eBook
Lenguaje:inglés
Publicado: Bruselas: European Union Publications Office, 2020
Materias:
Acceso en línea:Acceso restringido

MARC

LEADER 00000nam a22000007a 4500
005 20210826121211.0
007 cr|||| ||||
008 210826s2020 eu |||||s|||| 00||0 eng d
020 |a 978-92-76-18988-6 
035 |a 34349 
040 |a vLex 
090 |c 12138  |d 12138 
100 1 |a Davulis, Tomas 
245 1 0 |a Country report, gender equality  |h [Recurso electrn̤ico] :  |b How are EU rules transposed into national law?: Lithuania 2020 /  |c Tomas Davulis 
256 |a Servicio en ln̕ea 
260 |a Bruselas:  |b European Union Publications Office,  |c 2020 
300 |a 1 recurso electrn̤ico 
500 |a The Republic of Lithuania is a unitary state where legislative authority is vested in the central government. The regulatory authority is vested in the Parliament (the Seimas), whereas the implementation and execution of legislation is among the main competences of the Government (Vyriausybė) and its ministries and agencies. Local administration or regional institutions have no significant competence in the implementation of the principle of equal treatment.The Parliamentary Human Rights Committee supervises implementation of equal opportunities policies and assesses legislative initiatives in this field. Draft legislation is mainly drafted at the level of the Executive by the Ministry of Social Security and Labour, which is responsible for implementation of the principle of equal treatment. The independent Equal Opportunities Ombudsperson is appointed by Parliament and is entrusted with supervising implementation of equality legislation. He/she is the head of a public authority – the Office of the Equal Opportunities Ombudsperson – which is also responsible for implementation of the principle of equal treatment on several other grounds. The principle of non-discrimination has also been developed in the legislation on employment, namely in the Labour Code. The task of supervision and monitoring of the implementation of employment legislation is vested in the State Labour Inspectorate. 
506 1 |a Disponible solo en los productos indicados  |d vLex Global  |d vLex Global (Academic Edition, excluding Law Schools)  |d vLex Global (U.S. Academic Edition, Law Schools)  |d vLex Global (U.S. Academic Edition, excluding Law Schools)  |d vLex Global (Academic Edition, Law Schools) 
650 0 4 |a Derecho Constitucional  |z Unin̤ Europea 
740 0 |a vLex Libros (Servicio en ln̕ea) 
856 4 0 |u https://app.vlex.com/#/sources/34349  |z Acceso restringido 
942 |c BOOK 
999 0 |a Constitutional right